[Event "POL-chT Ekstraliga"]
[Site "Bydgoszcz"]
[Date "2022.09.05"]
[Round "3.5"]
[White "Butkiewicz, Lukasz"]
[Black "Socko, Bartosz"]
[Result "1/2-1/2"]
[WhiteElo "2366"]
[BlackElo "2630"]
[PlyCount "38"]
[EventDate "2022.09.03"]
[EventType "team-tourn"]
[EventRounds "9"]
[EventCountry "POL"]
[SourceTitle "CBM 210 Extra"]
[Source "ChessBase"]
[SourceDate "2022.11.30"]
[SourceVersion "1"]
[SourceVersionDate "2022.11.30"]
[SourceQuality "1"]
[WhiteTeam "Wisznia Mala Bialy Krol"]
[BlackTeam "Katowice Wasko"]
[WhiteTeamCountry "POL"]
[BlackTeamCountry "POL"]

1. d4 Nf6 2. c4 e6 3. Nc3 Bb4 4. Qc2 0-0 5. Nf3 c5 6. dxc5 Na6 7. g3 Nxc5 8. Bg2 Nce4 9. 0-0 Bxc3 10. bxc3 Qc7 11. Nd4 d5 12. cxd5 exd5 13. Bf4 Qc5 14. Rac1 Bd7 15. Nb3 Qe7 16. Nd2 Bf5 17. Qb2 Rac8 18. c4 Nxd2 19. Bxd2 Qxe2 1/2-1/2

[Event "Pardubice Czech op-A 33rd"]
[Site "Pardubice"]
[Date "2022.07.23"]
[Round "2"]
[White "Elmi, Saad Abobaker"]
[Black "Butkiewicz, Lukasz"]
[Result "1-0"]
[WhiteElo "2123"]
[BlackElo "2370"]
[PlyCount "131"]
[EventDate "2022.07.22"]
[EventType "swiss"]
[EventRounds "9"]
[EventCountry "CZE"]
[SourceTitle "CBM 209 Extra"]
[Source "ChessBase"]
[SourceDate "2022.09.30"]
[SourceVersion "1"]
[SourceVersionDate "2022.09.30"]
[SourceQuality "1"]

1. e4 c5 2. Nf3 Nc6 3. Bb5 e6 4. 0-0 Nge7 5. Re1 a6 6. Bf1 d5 7. exd5 Nxd5 8. g3 Be7 9. a4 0-0 10. Bg2 Bf6 11. Nc3 b6 12. Ne4 Bb7 13. Nxf6+ Qxf6 14. d3 h6 15. Nd2 Rfd8 16. Ne4 Qe7 17. Bd2 Nd4 18. Rc1 f5 19. Nc3 Nxc3 20. bxc3 Bxg2 21. Kxg2 Nc6 22. Qf3 Qd6 23. Re2 Rf8 24. Rb1 Rab8 25. Rbe1 e5 26. Bf4 Rbe8 27. Bc1 Re7 28. Bb2 f4 29. g4 Kh8 30. Re4 Rfe8 31. c4 Nd4 32. Bxd4 cxd4 33. Rb1 Qc5 34. Qd1 Re6 35. Qd2 h5 36. g5 Rf8 37. h4 f3+ 38. Kg3 Qc8 39. Kh2 Kh7 40. a5 bxa5 41. Qxa5 Qd7 42. Qd5 Qxd5 43. cxd5 Ree8 44. Ra1 Rc8 45. Rxe5 Rxc2 46. Kg3 Rc5 47. Re4 Rxd5 48. Rxa6 Rb5 49. Ra1 Rd8 50. Re7 Rb3 51. Rd1 Rf8 52. Re4 Rd8 53. Rf4 Rb2 54. Rxf3 Re8 55. Kg2 Ree2 56. Ra1 Rb8 57. Ra7 Rd2 58. Rd7 Rd1 59. Rxd4 Rbb1 60. Rf7 Rh1 61. Rdd7 Rxh4 62. Rxg7+ Kh8 63. Rg6 Rb5 64. f3 Rf5 65. Rdg7 Rhf4 66. Rg8+ 1-0

[Event "Pardubice Czech op-E 33rd"]
[Site "Pardubice"]
[Date "2022.07.17"]
[Round "7.2"]
[White "Butkiewicz, Lukasz"]
[Black "Nemec, Jachym"]
[Result "1/2-1/2"]
[WhiteElo "2370"]
[BlackElo "2357"]
[PlyCount "51"]
[EventDate "2022.07.14"]
[EventType "team-swiss"]
[EventRounds "7"]
[EventCountry "CZE"]
[SourceTitle "CBM 209 Extra"]
[Source "ChessBase"]
[SourceDate "2022.09.30"]
[SourceVersion "1"]
[SourceVersionDate "2022.09.30"]
[SourceQuality "1"]
[WhiteTeam "Kamikadze"]
[BlackTeam "Brno Moravska Slavia"]
[WhiteTeamCountry "POL"]
[BlackTeamCountry "CZE"]

1. e4 c5 2. Nf3 Nc6 3. d4 cxd4 4. Nxd4 Nf6 5. Nc3 e5 6. Ndb5 d6 7. Bg5 a6 8. Na3 b5 9. Nd5 Be7 10. Bxf6 Bxf6 11. c4 b4 12. Nc2 a5 13. g3 h5 14. h4 g6 15. Bg2 Bg7 16. Qd3 0-0 17. 0-0 Rb8 18. Rad1 Re8 19. b3 Bb7 20. Qe2 Ba8 21. Rd3 a4 22. Rfd1 Qa5 23. Qd2 Kh8 24. Bf3 Kg8 25. Kg2 Nd4 26. Nxd4 1/2-1/2

[Event "POL-ch Ekstraliga-A Rapid"]
[Site "Bydgoszcz"]
[Date "2022.03.12"]
[Round "8.3"]
[White "Kantans, Toms"]
[Black "Butkiewicz, Lukasz"]
[Result "1-0"]
[WhiteElo "2492"]
[BlackElo "2366"]
[PlyCount "143"]
[EventDate "2022.03.11"]
[EventType "team-tourn (rapid)"]
[EventRounds "10"]
[EventCountry "POL"]
[SourceTitle "CBM 207 Extra"]
[Source "ChessBase"]
[SourceDate "2022.05.31"]
[SourceVersion "1"]
[SourceVersionDate "2022.05.31"]
[SourceQuality "1"]
[WhiteTeam "Gliwice Akademia Szachowa"]
[BlackTeam "Wisznia Mala Bialy Krol"]
[WhiteTeamCountry "POL"]
[BlackTeamCountry "POL"]

1. e4 c5 2. Nf3 Nc6 3. Bb5 e6 4. Ba4 Nge7 5. 0-0 a6 6. c4 e5 7. a3 Ng6 8. Nc3 Be7 9. Rb1 0-0 10. Nd5 Rb8 11. b4 b5 12. cxb5 axb5 13. Bb3 c4 14. Ba2 d6 15. d3 Bg4 16. h3 Bxf3 17. Qxf3 Nd4 18. Qd1 cxd3 19. Qxd3 Bg5 20. Be3 Bxe3 21. fxe3 Ne6 22. Rbc1 Qd7 23. Rc2 Qa7 24. Kh2 Ne7 25. Rfc1 Nxd5 26. Bxd5 Qe7 27. Rc6 Rfd8 28. R1c3 h6 29. Qe2 Rd7 30. Qg4 g6 31. Rc8+ Rxc8 32. Rxc8+ Kg7 33. Qe2 Ra7 34. Qd3 Qd7 35. Rb8 Nc7 36. Ba2 Ra8 37. Rb6 Ra6 38. Rb8 Ra8 39. Rb6 Ra6 40. Rxa6 Nxa6 41. Qd5 Nb8 42. Qa8 Nc6 43. Bd5 Ne7 44. Qb7 Qe8 45. Bb3 Kf6 46. Bd1 Qc6 47. Qxc6 Nxc6 48. Be2 Na7 49. h4 h5 50. g4 hxg4 51. Bxg4 Ke7 52. Kg3 Nc6 53. Be2 Na7 54. Kg4 Ke6 55. Kg5 Ke7 56. Bd3 Ke6 57. Bc2 Ke7 58. Bb3 Nc8 59. Bd5 Na7 60. Kh6 Kf6 61. Kh7 Nc8 62. Bb3 Ne7 63. a4 bxa4 64. Bxa4 d5 65. b5 Ke6 66. exd5+ Kxd5 67. Bb3+ Kc5 68. Bxf7 Kxb5 69. Bxg6 Kc4 70. Kg7 Nd5 71. e4 Nf4 72. h5 1-0

[Event "POL-chT 1st League"]
[Site "Szklarska Poreba"]
[Date "2021.09.10"]
[Round "7.1"]
[White "Butkiewicz, Lukasz"]
[Black "Kantans, Toms"]
[Result "1/2-1/2"]
[WhiteElo "2378"]
[BlackElo "2481"]
[PlyCount "53"]
[EventDate "2021.09.04"]
[EventType "team-swiss"]
[EventRounds "9"]
[EventCountry "POL"]
[SourceTitle "CBM 204 Extra"]
[Source "ChessBase"]
[SourceDate "2021.11.30"]
[SourceVersion "1"]
[SourceVersionDate "2021.11.30"]
[SourceQuality "1"]
[WhiteTeam "Wisznia Mala Bialy Krol"]
[BlackTeam "Gliwice Akademia Szachowa"]
[WhiteTeamCountry "POL"]
[BlackTeamCountry "POL"]

1. e4 c5 2. Nf3 d6 3. d4 cxd4 4. Nxd4 Nf6 5. Nc3 a6 6. Bd3 e5 7. Nde2 Be7 8. 0-0 0-0 9. Ng3 Be6 10. Nd5 Nbd7 11. c4 Nc5 12. Bc2 b5 13. b4 Ncd7 14. Bd3 bxc4 15. Bxc4 Nb6 16. Nxf6+ Bxf6 17. Bxe6 fxe6 18. Qb3 d5 19. Be3 Rb8 20. Rad1 Kh8 21. Bxb6 Qxb6 22. exd5 exd5 23. Qxd5 Qxb4 24. Qd3 Qa4 25. Qe2 Rb4 26. Nh5 Qb5 27. Qxb5 1/2-1/2

[Event "POL-chT 1st League"]
[Site "Szklarska Poreba"]
[Date "2021.09.06"]
[Round "3.11"]
[White "Butkiewicz, Lukasz"]
[Black "Hemmerling, Jaroslaw"]
[Result "1-0"]
[WhiteElo "2378"]
[BlackElo "1935"]
[PlyCount "79"]
[EventDate "2021.09.04"]
[EventType "team-swiss"]
[EventRounds "9"]
[EventCountry "POL"]
[SourceTitle "CBM 204 Extra"]
[Source "ChessBase"]
[SourceDate "2021.11.30"]
[SourceVersion "1"]
[SourceVersionDate "2021.11.30"]
[SourceQuality "1"]
[WhiteTeam "Wisznia Mala Bialy Krol"]
[BlackTeam "Lipno Steszew"]
[WhiteTeamCountry "POL"]
[BlackTeamCountry "POL"]

1. d4 d5 2. c4 e6 3. Nc3 h6 4. Nf3 Nf6 5. Bf4 c6 6. e3 Be7 7. h3 Nbd7 8. Qc2 dxc4 9. Bxc4 Nb6 10. Be2 Nbd5 11. Bh2 Qa5 12. 0-0 0-0 13. Rac1 Bd7 14. Ne5 Rfc8 15. e4 Nxc3 16. bxc3 c5 17. Nxd7 Nxd7 18. d5 exd5 19. exd5 c4 20. d6 Bf6 21. Bf3 Rab8 22. Rfd1 Be5 23. Rd5 Rc5 24. Rcd1 Bxh2+ 25. Kxh2 Rd8 26. R5d4 Qb6 27. Qe4 Ne5 28. Qxb7 Qa5 29. Be4 Qxc3 30. Qe7 Qa5 31. d7 Ng6 32. Bxg6 fxg6 33. Re4 Qc7+ 34. f4 Rf5 35. Qe6+ Kh7 36. Rxc4 Qa5 37. Rc8 Rxf4 38. Rxd8 Qxd8 39. Qe8 Rf8 40. Qxf8 1-0

[Event "POL-chT 1st League"]
[Site "Szklarska Poreba"]
[Date "2021.09.04"]
[Round "1.3"]
[White "Wojdak, Jan"]
[Black "Butkiewicz, Lukasz"]
[Result "1-0"]
[WhiteElo "2185"]
[BlackElo "2378"]
[PlyCount "63"]
[EventDate "2021.09.04"]
[EventType "team-swiss"]
[EventRounds "9"]
[EventCountry "POL"]
[SourceTitle "CBM 204 Extra"]
[Source "ChessBase"]
[SourceDate "2021.11.30"]
[SourceVersion "1"]
[SourceVersionDate "2021.11.30"]
[SourceQuality "1"]
[WhiteTeam "Chrobry Gniezno"]
[BlackTeam "Wisznia Mala Bialy Krol"]
[WhiteTeamCountry "POL"]
[BlackTeamCountry "POL"]

1. e4 c6 2. d4 d5 3. exd5 cxd5 4. c4 Nf6 5. Nc3 Nc6 6. Nf3 Be6 7. c5 g6 8. Bb5 Bg7 9. Ne5 Qc8 10. 0-0 0-0 11. Bxc6 bxc6 12. Re1 Nd7 13. Bf4 Nxe5 14. Bxe5 f6 15. Bg3 Re8 16. b4 Bf7 17. f4 Be6 18. a4 Bf5 19. b5 Kh8 20. Ra2 e5 21. fxe5 fxe5 22. Bxe5 Bxe5 23. dxe5 cxb5 24. Qd4 Qe6 25. axb5 Be4 26. Rf1 Kg8 27. Rf6 Qe7 28. Raf2 Rad8 29. e6 Qg7 30. Qd2 Bf5 31. Rf7 Qh8 32. R2xf5 1-0

[Event "Pardubice Czech op-A 32nd"]
[Site "Pardubice"]
[Date "2021.07.29"]
[Round "7"]
[White "Butkiewicz, Lukasz"]
[Black "Ocelak, Jakub"]
[Result "1-0"]
[WhiteElo "2365"]
[BlackElo "2102"]
[PlyCount "85"]
[EventDate "2021.07.23"]
[EventType "swiss"]
[EventRounds "9"]
[EventCountry "CZE"]
[SourceTitle "CBM 203 Extra"]
[Source "ChessBase"]
[SourceDate "2021.09.30"]
[SourceVersion "1"]
[SourceVersionDate "2021.09.30"]
[SourceQuality "1"]

1. d4 Nf6 2. c4 g6 3. Nf3 Bg7 4. g3 0-0 5. Bg2 d6 6. 0-0 Bg4 7. Qb3 Qc8 8. Ne5 c6 9. Nxg4 Nxg4 10. h3 Nf6 11. Nc3 Na6 12. Be3 Nd7 13. Rfd1 Rb8 14. Rac1 f5 15. c5+ d5 16. Bf4 e5 17. dxe5 Ndxc5 18. Qa3 Qe8 19. b4 Ne6 20. b5 Nac5 21. Nxd5 cxd5 22. Rxc5 g5 23. Bxd5 gxf4 24. Qb3 fxg3 25. Bxe6+ Kh8 26. f4 Qe7 27. Qc4 g2 28. Rd3 Qh4 29. Qc1 Bh6 30. Rc4 Rbd8 31. Rxd8 Qxd8 32. e3 Qb6 33. Bd5 Qxb5 34. Bxg2 Rg8 35. Rc8 Bf8 36. e6 h6 37. Qc3+ Kh7 38. Rc7+ Kg6 39. Qe1 Qb6 40. Qg3+ Kf6 41. Qxg8 Qxe3+ 42. Kh1 Qc1+ 43. Rxc1 1-0

[Event "Pardubice Czech op-A 32nd"]
[Site "Pardubice"]
[Date "2021.07.27"]
[Round "5"]
[White "Butkiewicz, Lukasz"]
[Black "Kruse, Janik"]
[Result "1/2-1/2"]
[WhiteElo "2365"]
[BlackElo "2220"]
[PlyCount "124"]
[EventDate "2021.07.23"]
[EventType "swiss"]
[EventRounds "9"]
[EventCountry "CZE"]
[SourceTitle "CBM 203 Extra"]
[Source "ChessBase"]
[SourceDate "2021.09.30"]
[SourceVersion "1"]
[SourceVersionDate "2021.09.30"]
[SourceQuality "1"]

1. e4 e5 2. Nc3 Nc6 3. Bc4 Bc5 4. Qg4 Bf8 5. Qg3 d6 6. Nge2 Nf6 7. d3 Be6 8. Bxe6 fxe6 9. a3 Qd7 10. b4 Be7 11. 0-0 0-0 12. Qh3 Rae8 13. Be3 a6 14. Rab1 Bd8 15. a4 Ne7 16. Rbd1 Ng6 17. g3 c6 18. a5 Qe7 19. Na4 Nd7 20. c3 Bc7 21. f4 d5 22. Nc5 Nxc5 23. Bxc5 Bd6 24. Be3 exf4 25. gxf4 Rf7 26. Kh1 Qh4 27. Qxh4 Nxh4 28. Rf2 Ref8 29. Rg1 Ng6 30. Rg4 Bc7 31. h4 Ne5 32. fxe5 Rxf2 33. Bxf2 Rxf2 34. Nd4 Bxe5 35. Nxe6 Bxc3 36. exd5 cxd5 37. Rg5 Re2 38. Nc5 Bxb4 39. Rxd5 Bxa5 40. Nxb7 Bc3 41. h5 Re5 42. Rd7 Rxh5+ 43. Kg2 Rh4 44. Nd6 h5 45. Ne4 Be5 46. Rd5 Bf6 47. Ra5 Kf7 48. Rxa6 Be7 49. Ra7 Ke6 50. Kg3 Rh1 51. Ra6+ Kf7 52. Ra5 g6 53. d4 Rd1 54. d5 h4+ 55. Kg4 Rd4 56. Kf3 h3 57. d6 Rxd6 58. Nxd6+ Bxd6 59. Ra7+ Ke6 60. Rh7 h2 61. Kg2 Kf5 62. Rf7+ Kg5 1/2-1/2

[Event "Warsaw Maciei Memorial"]
[Site "Warsaw"]
[Date "2021.07.09"]
[Round "6"]
[White "Bartel, Mateusz"]
[Black "Butkiewicz, Lukasz"]
[Result "1/2-1/2"]
[WhiteElo "2626"]
[BlackElo "2365"]
[PlyCount "123"]
[EventDate "2021.07.09"]
[EventType "swiss (blitz)"]
[EventRounds "11"]
[EventCountry "POL"]
[SourceTitle "CBM 203 Extra"]
[Source "ChessBase"]
[SourceDate "2021.09.30"]
[SourceVersion "1"]
[SourceVersionDate "2021.09.30"]
[SourceQuality "1"]

1. Nf3 Nf6 2. c4 e6 3. b3 d5 4. Bb2 c5 5. e3 Nc6 6. cxd5 exd5 7. Bb5 Be6 8. 0-0 a6 9. Bxc6+ bxc6 10. Nc3 Be7 11. Rc1 0-0 12. Na4 Nd7 13. d3 Qa5 14. Ba3 Rfe8 15. Qd2 Qb5 16. Rc3 Bg4 17. Rfc1 Bxf3 18. gxf3 d4 19. Rxc5 Nxc5 20. Bxc5 dxe3 21. fxe3 Rad8 22. d4 Bg5 23. f4 Bh6 24. Nb2 Qb7 25. Nc4 Qd7 26. Qg2 f6 27. Ba3 Qe6 28. Rc2 Rd5 29. Bc1 Rh5 30. Nb2 Rh3 31. Rxc6 Qf5 32. Nc4 Rh4 33. Kf1 Rg4 34. Qe2 Qh5 35. Ke1 Qh3 36. Nd2 Rg2 37. Qf3 Qxh2 38. Nf1 Qg1 39. Bd2 f5 40. d5 Rg6 41. d6 Rd8 42. Bb4 Qg2 43. Qxg2 Rxg2 44. Nd2 g6 45. Nc4 Bf8 46. Rxa6 h5 47. Kf1 Rc2 48. Nd2 h4 49. Kg1 Bxd6 50. Bxd6 Rxd2 51. Be7 R8d7 52. Bxh4 Rc2 53. Rxg6+ Kh7 54. Rg2 Rd1+ 55. Kh2 Rxg2+ 56. Kxg2 Rd2+ 57. Kf3 Rxa2 58. Be7 Rb2 59. b4 Kg6 60. Bc5 Kf7 61. Bd6 Ke6 62. Bc5 1/2-1/2

[Event "Warsaw Maciei Memorial"]
[Site "Warsaw"]
[Date "2021.07.09"]
[Round "11"]
[White "Butkiewicz, Lukasz"]
[Black "Redzisz, Michal"]
[Result "1/2-1/2"]
[WhiteElo "2365"]
[BlackElo "2246"]
[PlyCount "95"]
[EventDate "2021.07.09"]
[EventType "swiss (blitz)"]
[EventRounds "11"]
[EventCountry "POL"]
[SourceTitle "CBM 203 Extra"]
[Source "ChessBase"]
[SourceDate "2021.09.30"]
[SourceVersion "1"]
[SourceVersionDate "2021.09.30"]
[SourceQuality "1"]

1. e4 e5 2. Nc3 Nf6 3. Bc4 c6 4. d4 exd4 5. Qxd4 Qb6 6. Be3 Qxd4 7. Bxd4 Bb4 8. f3 d5 9. exd5 cxd5 10. Bb5+ Bd7 11. 0-0-0 Bxc3 12. Bxd7+ Kxd7 13. Bxc3 Kc6 14. Ne2 Nbd7 15. Nd4+ Kc5 16. Nf5 g6 17. Ne3 Rhe8 18. Rhe1 Re6 19. Bd4+ Kc6 20. c3 Rae8 21. Nc2 Rxe1 22. Rxe1 Rxe1+ 23. Nxe1 b6 24. Nd3 Kd6 25. Kd2 h5 26. Ke3 Ne8 27. a4 f6 28. a5 bxa5 29. Bxa7 Ng7 30. g4 hxg4 31. fxg4 Ne6 32. h4 f5 33. gxf5 gxf5 34. Nf4 Nf6 35. Bb8+ Ke7 36. Nxe6 Kxe6 37. Kd4 Nd7 38. Bf4 a4 39. h5 Nb6 40. h6 Kf7 41. Kc5 Nc4 42. Bc1 f4 43. Bxf4 Nxb2 44. Kxd5 a3 45. Bc1 Nd1 46. Bxa3 Nxc3+ 47. Ke5 Kg6 48. Bb2 1/2-1/2

[Event "Krakow op-A 31st"]
[Site "Krakow"]
[Date "2021.01.03"]
[Round "8"]
[White "Butkiewicz, Lukasz"]
[Black "Goluch, Piotr"]
[Result "1/2-1/2"]
[WhiteElo "2375"]
[BlackElo "2353"]
[PlyCount "35"]
[EventDate "2020.12.27"]
[EventType "swiss"]
[EventRounds "9"]
[EventCountry "POL"]
[SourceTitle "CBM 200 Extra"]
[Source "ChessBase"]
[SourceDate "2021.03.31"]
[SourceVersion "1"]
[SourceVersionDate "2021.03.31"]
[SourceQuality "1"]

1. d4 Nf6 2. Bg5 d5 3. Bxf6 exf6 4. e3 Bd6 5. g3 0-0 6. Bg2 c6 7. Ne2 Nd7 8. 0-0 f5 9. b3 Nf6 10. c4 Be6 11. Qd3 Qd7 12. Nbc3 Rac8 13. cxd5 Bxd5 14. Nxd5 cxd5 15. a4 a6 16. Rfc1 Bb4 17. Rxc8 Rxc8 18. Rc1 1/2-1/2

[Event "Krakow op-A 31st"]
[Site "Krakow"]
[Date "2021.01.02"]
[Round "6"]
[White "Butkiewicz, Lukasz"]
[Black "Kokoszczynski, Jan"]
[Result "1/2-1/2"]
[WhiteElo "2375"]
[BlackElo "2221"]
[PlyCount "113"]
[EventDate "2020.12.27"]
[EventType "swiss"]
[EventRounds "9"]
[EventCountry "POL"]
[SourceTitle "CBM 200 Extra"]
[Source "ChessBase"]
[SourceDate "2021.03.31"]
[SourceVersion "1"]
[SourceVersionDate "2021.03.31"]
[SourceQuality "1"]

1. d4 Nf6 2. g3 e6 3. Bg2 c5 4. Nf3 Nc6 5. 0-0 d5 6. c4 dxc4 7. Ne5 Bd7 8. Nxc6 Bxc6 9. Bxc6+ bxc6 10. Qa4 Qb6 11. dxc5 Bxc5 12. Qxc4 0-0 13. Nc3 Qb4 14. Qxb4 Bxb4 15. Bd2 Rfd8 16. Rfd1 Rd7 17. Be1 Rad8 18. Rxd7 Rxd7 19. Rc1 Kf8 20. Kf1 Ke7 21. f3 e5 22. e4 Rb7 23. b3 Nd7 24. Bf2 Kd6 25. Nd1 Kc7 26. Rc2 a5 27. Nb2 Rb8 28. Ke2 f6 29. Be3 Ra8 30. f4 Ra6 31. Na4 Ra8 32. Rc1 Re8 33. f5 Rb8 34. g4 Ra8 35. h4 Rf8 36. Rg1 h6 37. Rh1 Rh8 38. Rd1 Rb8 39. Kf3 Rb5 40. g5 h5 41. Rg1 Bf8 42. Bd2 Kc8 43. Nb2 Kc7 44. Nc4 Bb4 45. gxf6 gxf6 46. Be3 Bf8 47. Bd2 Bb4 48. Rg7 Bxd2 49. Nxd2 a4 50. Rh7 Rb4 51. Rxh5 Rd4 52. Ke3 Nc5 53. Rh7+ Kb6 54. h5 Rd3+ 55. Ke2 Rh3 56. bxa4 Nxa4 57. h6 1/2-1/2

[Event "Krakow op-A 31st"]
[Site "Krakow"]
[Date "2020.12.30"]
[Round "4"]
[White "Butkiewicz, Lukasz"]
[Black "Malicka, Maria"]
[Result "1/2-1/2"]
[WhiteElo "2375"]
[BlackElo "2291"]
[PlyCount "112"]
[EventDate "2020.12.27"]
[EventType "swiss"]
[EventRounds "9"]
[EventCountry "POL"]
[SourceTitle "CBM 200 Extra"]
[Source "ChessBase"]
[SourceDate "2021.03.31"]
[SourceVersion "1"]
[SourceVersionDate "2021.03.31"]
[SourceQuality "1"]

1. d4 Nf6 2. c4 e6 3. Nc3 Bb4 4. Qc2 d5 5. a3 Bxc3+ 6. Qxc3 c5 7. dxc5 d4 8. Qc2 e5 9. e4 a5 10. Rb1 a4 11. Bd2 Nc6 12. Bd3 Nd7 13. Ne2 Nxc5 14. Ng3 0-0 15. 0-0 Be6 16. Rfd1 Na5 17. Bb4 Nab3 18. Nf1 Qc7 19. Nd2 Rfc8 20. Bxc5 Nxc5 21. Rbc1 Qa5 22. Bf1 Ra6 23. h3 Rac6 24. Be2 Qd8 25. Bf1 Qg5 26. Nf3 Qf4 27. Qd2 Qf6 28. Qg5 Qxg5 29. Nxg5 Nb3 30. Nxe6 Nxc1 31. Nxd4 exd4 32. Rxc1 Rb6 33. Rc2 Kf8 34. f4 Ke7 35. Kf2 Rb3 36. Rd2 Rc6 37. Be2 Rcb6 38. c5 Rxb2 39. Rxd4 R6b3 40. Rxa4 Ra2 41. Rb4 Raxa3 42. Rxb3 Rxb3 43. Bc4 Rb2+ 44. Kf3 f6 45. Bd5 Kd7 46. e5 fxe5 47. fxe5 Kc7 48. Ke3 Rc2 49. Kd4 Rd2+ 50. Kc4 Rb2 51. Bf3 Kd7 52. Kd4 Ke6 53. Bg4+ Ke7 54. Bf3 Ke6 55. Bg4+ Ke7 56. Bf3 Ke6 1/2-1/2

[Event "Krakow op-A 31st"]
[Site "Krakow"]
[Date "2020.12.28"]
[Round "2"]
[White "Butkiewicz, Lukasz"]
[Black "Kyc, Jerzy"]
[Result "1/2-1/2"]
[WhiteElo "2375"]
[BlackElo "2269"]
[PlyCount "76"]
[EventDate "2020.12.27"]
[EventType "swiss"]
[EventRounds "9"]
[EventCountry "POL"]
[SourceTitle "CBM 200 Extra"]
[Source "ChessBase"]
[SourceDate "2021.03.31"]
[SourceVersion "1"]
[SourceVersionDate "2021.03.31"]
[SourceQuality "1"]

1. e4 c5 2. Nf3 d6 3. d4 cxd4 4. Nxd4 Nf6 5. Nc3 a6 6. Bd3 g6 7. f3 Bg7 8. Be3 0-0 9. Qd2 Nc6 10. 0-0-0 Nxd4 11. Bxd4 Be6 12. Kb1 b5 13. h4 b4 14. Nd5 Bxd5 15. exd5 Qa5 16. Bc4 Rfc8 17. Qd3 Nd7 18. Bxg7 Kxg7 19. f4 Nb6 20. Qd4+ Kg8 21. Bd3 Qc5 22. Be4 Qxd4 23. Rxd4 a5 24. Re1 Rc5 25. Bf3 Ra7 26. g3 Rac7 27. Rd2 h5 28. Bh1 Kg7 29. Bf3 Kf6 30. Bg2 Nc4 31. Rde2 a4 32. Rd1 a3 33. b3 Nb2 34. Rg1 Rc3 35. Be4 R7c5 36. Bh1 Rc7 37. Be4 R7c5 38. Bh1 Rc7 1/2-1/2

[Event "POL-chT 1st League"]
[Site "Ustron"]
[Date "2020.09.06"]
[Round "2.2"]
[White "Butkiewicz, Lukasz"]
[Black "Paszewski, Mateusz"]
[Result "1/2-1/2"]
[WhiteElo "2393"]
[BlackElo "2275"]
[PlyCount "47"]
[EventDate "2020.09.05"]
[EventType "team-tourn"]
[EventRounds "9"]
[EventCountry "POL"]
[SourceTitle "CBM 198 Extra"]
[Source "ChessBase"]
[SourceDate "2020.11.30"]
[SourceVersion "1"]
[SourceVersionDate "2020.11.30"]
[SourceQuality "1"]
[WhiteTeam "Wisznia Mala Bialy Krol"]
[BlackTeam "Czestochowa Hetman"]
[WhiteTeamCountry "POL"]
[BlackTeamCountry "POL"]

1. e4 c5 2. Nf3 Nc6 3. d4 cxd4 4. Nxd4 Nf6 5. Nc3 e6 6. Nxc6 bxc6 7. e5 Nd5 8. Ne4 Bb7 9. c4 Nb4 10. c5 Qb8 11. f4 Ba6 12. a3 Bxf1 13. Rxf1 Nd5 14. Qd4 Be7 15. f5 exf5 16. Rxf5 0-0 17. Bg5 Bxg5 18. Rxg5 Qb3 19. Rg3 Qc2 20. Kf1 Rae8 21. Kg1 Re6 22. Rf1 Rg6 23. Nd6 Qe2 24. Rf2 1/2-1/2

[Event "Rubinstein Memorial 56th"]
[Site "Polanica Zdroj"]
[Date "2020.08.23"]
[Round "9"]
[White "Butkiewicz, Lukasz"]
[Black "Luberanski, Jakub"]
[Result "1-0"]
[WhiteElo "2400"]
[BlackElo "2076"]
[PlyCount "65"]
[EventDate "2020.08.15"]
[EventType "swiss"]
[EventRounds "9"]
[EventCountry "POL"]
[SourceTitle "CBM 197 Extra"]
[Source "ChessBase"]
[SourceDate "2020.09.30"]
[SourceVersion "1"]
[SourceVersionDate "2020.09.30"]
[SourceQuality "1"]

1. e4 e5 2. Nf3 Nc6 3. Bb5 a6 4. Ba4 Nf6 5. d3 Bc5 6. c3 b5 7. Bb3 0-0 8. 0-0 d6 9. h3 h6 10. Be3 Ba7 11. Nbd2 Be6 12. Bxe6 fxe6 13. d4 d5 14. Qc2 Nxe4 15. Nxe4 dxe4 16. Qxe4 Qd5 17. Qg4 Kh7 18. Rad1 exd4 19. Nxd4 Nxd4 20. Bxd4 Bxd4 21. Rxd4 Qxa2 22. Rd7 Rg8 23. Re1 Rae8 24. Re3 Qxb2 25. Rg3 Qc1+ 26. Kh2 Qg5 27. Qd4 c5 28. Qe4+ Qf5 29. Qb7 Qe5 30. f4 Qf5 31. Rdxg7+ Kh8 32. Rf7 Qc2 33. f5 1-0

[Event "Rubinstein Memorial 56th"]
[Site "Polanica Zdroj"]
[Date "2020.08.19"]
[Round "5"]
[White "Butkiewicz, Lukasz"]
[Black "Zochowski, Kacper"]
[Result "1/2-1/2"]
[WhiteElo "2400"]
[BlackElo "2278"]
[PlyCount "41"]
[EventDate "2020.08.15"]
[EventType "swiss"]
[EventRounds "9"]
[EventCountry "POL"]
[SourceTitle "CBM 197 Extra"]
[Source "ChessBase"]
[SourceDate "2020.09.30"]
[SourceVersion "1"]
[SourceVersionDate "2020.09.30"]
[SourceQuality "1"]

1. e4 c5 2. Nf3 d6 3. d4 cxd4 4. Nxd4 Nf6 5. Nc3 a6 6. h3 e5 7. Nde2 h5 8. Bg5 Be6 9. Bxf6 Qxf6 10. Nd5 Qd8 11. Ng3 g6 12. Bc4 Bh6 13. Nf1 Nc6 14. Nfe3 0-0 15. c3 b5 16. Bd3 Ne7 17. Nxe7+ Qxe7 18. Qe2 Qg5 19. h4 Qe7 20. g3 Qa7 21. Nc2 1/2-1/2

[Event "Rubinstein Memorial 56th"]
[Site "Polanica Zdroj"]
[Date "2020.08.18"]
[Round "4"]
[White "Goluch, Piotr"]
[Black "Butkiewicz, Lukasz"]
[Result "1/2-1/2"]
[WhiteElo "2373"]
[BlackElo "2400"]
[PlyCount "83"]
[EventDate "2020.08.15"]
[EventType "swiss"]
[EventRounds "9"]
[EventCountry "POL"]
[SourceTitle "CBM 197 Extra"]
[Source "ChessBase"]
[SourceDate "2020.09.30"]
[SourceVersion "1"]
[SourceVersionDate "2020.09.30"]
[SourceQuality "1"]

1. d4 Nf6 2. c4 e6 3. Nf3 d5 4. g3 dxc4 5. Bg2 Bb4+ 6. Bd2 a5 7. 0-0 0-0 8. Bg5 b5 9. a4 c6 10. Ne5 Ra6 11. Nc3 Rb6 12. e4 Be7 13. Be3 b4 14. Ne2 Ba6 15. Re1 Nfd7 16. f4 Nxe5 17. fxe5 Nd7 18. d5 cxd5 19. exd5 Nxe5 20. Nf4 Rd6 21. Qh5 Nd3 22. Be4 f5 23. Bxd3 cxd3 24. Bc5 Rxd5 25. Bxe7 Qxe7 26. Nxd5 Qc5+ 27. Re3 Qxd5 28. Qf3 Qxf3 29. Rxf3 Rc8 30. Rf2 e5 31. Rd2 Kf7 32. Kf2 Ke6 33. Ke3 g5 34. h4 gxh4 35. Rh1 hxg3 36. Rh6+ Kd5 37. Rxa6 e4 38. Rxa5+ Ke6 39. Ra6+ Ke5 40. Ra5+ Ke6 41. Ra6+ Ke5 42. Ra5+ 1/2-1/2